Justicia global Los lm̕ites del constitucionalismo /

Detalles Bibliográficos
Autor principal: Turǧano Mansilla, Isabel
Formato: eBook
Lenguaje:español
Publicado: Per ︢: Palestra Editores, 2010.
Colección:Postpositivismo y derecho
Materias:
Acceso en línea:Acceso restringido

MARC

LEADER 00000nam a22000007a 4500
005 20110901110549.0
008 110901t2010 pe ||||s|||| 00| 0 spa d
020 |a 978-612-4047-30-5 
035 |a 5350 
040 |a vLex 
090 |c 2328  |d 2328 
100 1 |a Turǧano Mansilla, Isabel 
245 1 0 |a Justicia global  |b Los lm̕ites del constitucionalismo /  |c Isabel Turǧano Mansilla  |h [Recurso electrn̤ico] : 
256 |a Servicio en ln̕ea. 
260 |a Per ︢:  |b Palestra Editores,  |c 2010. 
300 |a 274 p. 
490 0 |a Postpositivismo y derecho 
500 |a La autora incide en temas como la fundamentacin̤ de una ťica global, las posibilidades y lm̕ites de un constitucionalismo mundial y la justicia social global.  
506 1 |a Contenido solo disponible en los productos indicados  |d vLex Global  |d vLex Global (Academic Edition, excluding Law Schools)  |d vLex Global (U.S. Academic Edition, Law Schools)  |d vLex Global (U.S. Academic Edition, excluding Law Schools)  |d vLex Global (Academic Edition, Law Schools) 
650 0 4 |a Justicia social  |z Per︢ 
740 0 |a vLex Libros (Servicio en ln̕ea) 
856 4 0 |u http://vlex.com/source/justicia-global-liimites-constitucionalismo-5350  |z Acceso restringido 
942 |c BOOK